Collected tales, sketches, speeches and essays 1891 - 1910
Mark Twain is well known for his Mississippi Novels and Historical Romances but it's on his Tales and Sketches where you can find the commical genious in him. It's in my opinion that it's an age span wich makes you like the most Tom Sawyer (8-12), The Prince and the Pauper (13-16) or...
محفوظ في:
| المؤلف الرئيسي: | |
|---|---|
| التنسيق: | كتاب |
| اللغة: | Undetermined |
| منشور في: |
New York, NY
The Library of America
1992
|
| الموضوعات: | |
| الوسوم: |
إضافة وسم
لا توجد وسوم, كن أول من يضع وسما على هذه التسجيلة!
|
| Thư viện lưu trữ: | Trung tâm Học liệu Trường Đại học Cần Thơ |
|---|
| LEADER | 01063nam a2200217Ia 4500 | ||
|---|---|---|---|
| 001 | CTU_125584 | ||
| 008 | 210402s9999 xx 000 0 und d | ||
| 020 | |c 29.20 | ||
| 082 | |a 818.409 | ||
| 082 | |b T969 | ||
| 100 | |a Twain, Mark | ||
| 245 | 0 | |a Collected tales, sketches, speeches and essays 1891 - 1910 | |
| 245 | 0 | |c Mark Twain ( Samuel Langhorn Clemens ), Edited by Louis J. Budd | |
| 260 | |a New York, NY | ||
| 260 | |b The Library of America | ||
| 260 | |c 1992 | ||
| 520 | |a Mark Twain is well known for his Mississippi Novels and Historical Romances but it's on his Tales and Sketches where you can find the commical genious in him. It's in my opinion that it's an age span wich makes you like the most Tom Sawyer (8-12), The Prince and the Pauper (13-16) or The Diary of Adam and Eve (18-) and yet, in his complete tales you may find contents of interest for all kinds of readers | ||
| 650 | |a American literature,American fiction | ||
| 650 | |y 19th century,19th century | ||
| 904 | |i Minh | ||
| 980 | |a Trung tâm Học liệu Trường Đại học Cần Thơ | ||